Everyday enlightenment : (Record no. 2639)

MARC details
000 -LEADER
fixed length control field 00884cam a2200205 4500
001 - CONTROL NUMBER
control field 3265
005 - DATE AND TIME OF LATEST TRANSACTION
control field 20181127170903.0
008 - FIXED-LENGTH DATA ELEMENTS--GENERAL INFORMATION
fixed length control field 120130s2012 nyu 000 0 eng
010 ## - LIBRARY OF CONGRESS CONTROL NUMBER
LC control number 2012001666
020 ## - INTERNATIONAL STANDARD BOOK NUMBER
International Standard Book Number 9781594486234 (hardback)
100 0# - MAIN ENTRY--PERSONAL NAME
Personal name Gyalwang Drukpa
Numeration XII,
Dates associated with a name 1963-
245 10 - TITLE STATEMENT
Title Everyday enlightenment :
Remainder of title the essential guide to finding happiness in the modern world /
Statement of responsibility, etc. His Holiness The Gyalwang Drukpa with Kate Adams.
260 ## - PUBLICATION, DISTRIBUTION, ETC.
Place of publication, distribution, etc. New York :
Name of publisher, distributor, etc. Riverhead Books,
Date of publication, distribution, etc. 2012.
300 ## - PHYSICAL DESCRIPTION
Extent xix, 188 p. ;
Dimensions 22 cm.
520 ## - SUMMARY, ETC.
Summary, etc. ""An engaging and accessible practical guide to finding happiness today, written by the leader of the second largest Buddhist sect in the world, the Gyalwang Drukpa""--
Assigning source Provided by publisher.
650 #0 - SUBJECT ADDED ENTRY--TOPICAL TERM
Topical term or geographic name entry element Buddhism
General subdivision Doctrines.
Topical term or geographic name entry element Happiness
General subdivision Religious aspects
-- Buddhism.
Topical term or geographic name entry element Religious life
General subdivision Buddhism.
700 1# - ADDED ENTRY--PERSONAL NAME
Personal name Adams, Kate.
Holdings
Withdrawn status Lost status Source of classification or shelving scheme Damaged status Not for loan Collection code Home library Current library Shelving location Date acquired Serial Enumeration / chronology Inventory number Total Checkouts Total Renewals Full call number Barcode Date last seen Date last checked out Price effective from Koha item type
    Dewey Decimal Classification     Main TEST RTC Library RTC Library Main opac 03/08/2023 5712 7 8 241.317 DRU 30004975 17/08/2023 03/08/2023 27/11/2018 Main
Royal Thimphu College || All Right Reserved